Largest Cities in the "Land" Countries - Statistics

General Stats
  • This quiz has been taken 726 times
    155 since last reset
  • The average score is 9 of 15
Answer Stats
Population Country City % Correct
1,360,075 Finland Helsinki
85%
1,263,219 Ireland Dublin
82%
1,861,599 Poland Warsaw
82%
1,136,210 Netherlands Amsterdam
81%
8,305,218 Thailand Bangkok
77%
806,201 Poland Krakow
68%
868,135 Netherlands Rotterdam
65%
1,440,300 New Zealand Auckland
64%
436,370 Switzerland Zurich
60%
851,010 Netherlands The Hague
54%
487,371 Poland Gdansk
52%
652,015 Poland Lodz
46%
673,743 Poland Wroclaw
46%
396,315 Netherlands Utrecht
33%
538,439 Poland Poznan
30%
No matching quizzes found
Score Distribution
Percent of People with Each Score
Percentile by Number Answered
Your Score History
You have not taken this quiz since the last reset